Harvard business review on managing diversity. (Record no. 7349)

MARC details
000 -LEADER
fixed length control field 01033nac a22002651u 4500
008 - FIXED-LENGTH DATA ELEMENTS--GENERAL INFORMATION
fixed length control field 100511t xxu||||| |||| 00| 0 eng d
010 ## - LIBRARY OF CONGRESS CONTROL NUMBER
LC control number 2001039852
020 ## - INTERNATIONAL STANDARD BOOK NUMBER
International Standard Book Number 1578517001 (alk. paper)
082 00 - DEWEY DECIMAL CLASSIFICATION NUMBER
Classification number 658.3008
Edition number 22
Item number HAR
100 ## - MAIN ENTRY--PERSONAL NAME
Personal name 20080729
9 (RLIN) 13863
245 00 - TITLE STATEMENT
Title Harvard business review on managing diversity.
246 30 - VARYING FORM OF TITLE
Title proper/short title Managing diversity
260 ## - PUBLICATION, DISTRIBUTION, ETC. (IMPRINT)
Place of publication, distribution, etc Boston :
Name of publisher, distributor, etc Harvard Business School Press,2001
Date of publication, distribution, etc c2001.
300 ## - PHYSICAL DESCRIPTION
Extent vii, 222 p. ;
Dimensions 21 cm.
490 1# - Series Statement
Series statement A Harvard business review paperback
-- 13868
500 ## - GENERAL NOTE
General note distributer: Al-Ahram
504 ## - BIBLIOGRAPHY, ETC. NOTE
Bibliography, etc Includes index.
511 ## - PARTICIPANT OR PERFORMER NOTE
Participant or performer note catalgued by: wessam
650 #0 - SUBJECT ADDED ENTRY--TOPICAL TERM
Topical term or geographic name as entry element Diversity in the workplace.
9 (RLIN) 13864
650 #0 - SUBJECT ADDED ENTRY--TOPICAL TERM
Topical term or geographic name as entry element Personnel management.
9 (RLIN) 13865
710 2# - ADDED ENTRY--CORPORATE NAME
Corporate name or jurisdiction name as entry element Harvard Business School.
Subordinate unit Press.
9 (RLIN) 13866
830 #0 - SERIES ADDED ENTRY--UNIFORM TITLE
Uniform title Harvard business review paperback series.
9 (RLIN) 13867
942 ## - ADDED ENTRY ELEMENTS (KOHA)
Item type Book - Borrowing
Call number prefix 658.3008HAR
Source of classification or shelving scheme Dewey Decimal Classification
Holdings
Withdrawn status Item status Source of classification or shelving scheme Damaged status Not for loan Vendor Home library Current library Shelving location Date acquired Source of acquisition Total Checkouts Full call number Barcode Date last seen Date last borrowed Koha item type
    Dewey Decimal Classification       Central Library Central Library First floor 22/01/2008   1 658.3008HAR 000008960 15/07/2025 22/02/2025 Book - Borrowing